Sports Quiz

Random Sports or Soccer Quiz
Score 0/33 Timer 04:00
0 Plays Today
% Correct
Harry Kane
94.5%
Wayne Rooney
94.2%
Andrés Iniesta
94%
Alex Oxlade-Chamberlain
93.7%
Shinji Okazaki
93.4%
Cristiano Ronaldo
93.3%
Keisuke Honda
93.1%
Thomas Müller
92.6%
Lionel Messi
92%
Neymar Jr
92%
Giorgio Chiellini
92%
Tim Howard
92%
Clint Dempsey
90.6%
Gianluigi Donnarumma
90.3%
Mesut Özil
90%
Antoine Griezmann
89.7%
Cesc Fàbregas
89.6%
% Correct
Paul Pogba
89%
Kaká
88.9%
Gerard Piqué
88.6%
Kevin De Bruyne
88.5%
Sergio Agüero
87.8%
Carlos Tevez
87.7%
Antonio Candreva
87.7%
Eden Hazard
87.7%
Luís Nani
87.6%
David Luiz
86.8%
Romelu Lukaku
86.7%
Karim Benzema
85.7%
José Fonte
83.8%
Leroy Sané
80.3%
Timothy Weah
79.4%
Mike Havenaar
74.2%
Remove Ads.
Support Sporcle.
Get the best of Sporcle when you Go Orange. This ad-free experience offers more features, more stats, and more fun while also helping to support Sporcle. Thank you for becoming a member.

You're not logged in!

Compare scores with friends on all Sporcle quizzes.
OR
Log In

Show Comments

Extras

Top Quizzes Today


Score Distribution

Your Account Isn't Verified!

In order to create a playlist on Sporcle, you need to verify the email address you used during registration. Go to your Sporcle Settings to finish the process.

Report this User

Report this user for behavior that violates our Community Guidelines.

Details: